| 000 | 00372nam a2200145Ia 4500 | ||
|---|---|---|---|
| 008 | 150201s2007 xx 000 0 und d | ||
| 082 |
_a616.01 _bM2007B |
||
| 100 | _aBAVEJA,C.P. | ||
| 245 | _aTEXT BOOK OF MICROBIOLOGY FOR DENTAL STUDENTS | ||
| 250 | _a2ND | ||
| 260 |
_bARYA PUBLICATION _aDELHI _c2007 |
||
| 300 | _a1-350 | ||
| 650 | _aMICROBIOLOGY | ||
| 942 |
_2ddc _cBK _053 |
||
| 999 |
_c3617 _d3617 |
||